000 01266nam a22002777a 4500
005 20240530110835.0
008 191028s2001 ua f 000 0 ara d
017 _a2000/1936
_bمصر. دار الكتب
020 _a9771801864
040 _aEG-CaGPL
_cEG-CaGPL
082 0 4 _221
_a328.31062
_bق/س م
100 0 _aسعيدة محمد حسنى
245 1 0 _aمحاضر مجلس شورى النواب :
_bالهيئة النيابية الاولى 1866-1869 /
_cدراسة واشراف سعيدة محمد حسنى ؛ تحقيق عبدالرازق عبدالرزاق عيسى ؛ تصدير سمير غريب
250 _aط.1
260 _aالقاهرة :
_bمطبعة دار الكتب و الوثائق القومية بالقاهرة ،
_c2001
300 _a2 جزء :
_bايض. ؛
_c24 سم.
650 0 7 _2qrmak
_aالهيئات التشريعية
_xمجلس الشورى
_zمصر
650 0 7 _aمجلس الشورى
_zمصر
650 0 7 _aالمجالس النيابية
_zمصر
_2qrmak
651 _2qrmak
700 _aعبدالرازق عبدالرزاق عيسى
_eتحقيق
700 _aحسام محمد عبدالعاطى
700 _aسمير غريب
_eتصدير
942 _2ddc
_cBK
999 _c65638
_d65638